000 00830nam a2200229Ia 4500
001 21709
003 GE_BSU
008 181216s||||||||xx |||||||||||||| ||und||
040 _cGE_BSU
080 _aპერიოდიკა
245 _aკარიბჭე №26(347)28.12.-10.01. 2018
245 _bმართლმადიდებლური ჟურნალი.
245 _cმთავარი რედაქტორი: თამარ მამაცაშვილი.
260 _aთბილისი
260 _c2017
300 _a50 გვ. : ილ. ; 28სმ.
653 _aკარიბჭე №26(347)28.12.-10.01. 2018
653 _aპერიოდიკა
653 _aრელიგია
653 _aსაეკლესიო ჟურნალი
942 _cCR
999 _c54642
_d54642